| 000 | 00607nam a2200193Ia 4500 | ||
|---|---|---|---|
| 008 | 151121s9999||||xx |||||||||||||| ||und|| | ||
| 082 | _a396/भार्गव | ||
| 082 | _bHNW-61625 | ||
| 100 | _aभार्गव चंद्रकला | ||
| 245 | _aकठपुतली | ||
| 260 | _b"अर्थबोध प्रकाशन, पुणे" | ||
| 260 | _c-- | ||
| 300 | _a127 | ||
| 600 | _aभार्गव चंद्रकला | ||
| 630 | _aकठपुतली | ||
| 700 | _aभार्गव चंद्रकला | ||
| 730 | _aकठपुतली | ||
| 942 | _cBOOK | ||
| 999 |
_c1243170 _d1243167 |
||